Dokonalé městečko /
Hororový příběh české autorky. Bydlet ve vysněné lokalitě nemusí být taková výhra, jak by se zdálo...
Uloženo v:
| Hlavní autor: | |
|---|---|
| Médium: | E-kniha |
| Jazyk: | Czech |
| Vydáno: |
V Praze :
XYZ,
2024
|
| Vydání: | První vydání |
| Témata: | |
| Tagy: |
Žádné tagy |
| LEADER | 02212nam a2200397 i 4500 | ||
|---|---|---|---|
| 001 | 312321 | ||
| 003 | CZ PrSKC | ||
| 005 | 20260601215721.0 | ||
| 007 | ta | ||
| 008 | 240313s2024 xr g 000 f cze | ||
| 015 | |a cnb003595455 | ||
| 020 | |a 9788076834811 |q (vázáno) : |c Kč 369,00 | ||
| 035 | |a (OCoLC)1433648407 | ||
| 040 | |a ABG001 |b cze |d ABA001 |e rda | ||
| 072 | 7 | |a 821.162.3-3 |x Česká próza |2 Konspekt | |
| 080 | |a 821.162.3-31 |2 MRF | ||
| 080 | |a (0:82-312.4) |2 MRF | ||
| 100 | 1 | |a Karolová, Kateřina, |d 1981- |7 ola20201067556 |4 aut | |
| 245 | 1 | 0 | |a Dokonalé městečko / |c Kateřina Karolová |
| 250 | |a První vydání | ||
| 264 | 1 | |a V Praze : |b XYZ, |c 2024 | |
| 300 | |a 240 stran ; |c 22 cm | ||
| 336 | |a text |b txt |2 rdacontent | ||
| 337 | |a bez média |b n |2 rdamedia | ||
| 338 | |a svazek |b nc |2 rdacarrier | ||
| 520 | 2 | |a Hororový příběh české autorky. Bydlet ve vysněné lokalitě nemusí být taková výhra, jak by se zdálo... |b Když se Emě naskytne možnost bydlet v městečku vytvořeném pro hrstku vyvolených, zdá se, že se jí splnil životní sen. Každý však musí nejdřív projít přísným výběrovým řízením, podepsat smlouvu a dodržet pár zvláštních pravidel. A pak už je k dispozici vše, co si jen člověk může přát. Kdo by odolal? Po příjezdu na místo se však objeví řada znepokojivých událostí. Pod maskou dokonalosti a zářivých úsměvů se skrývá podivné tajemství. A odhalit celou pravdu se nevyplácí. Nakladatelská anotace. | |
| 655 | 7 | |a české romány |7 fd133974 |2 czenas | |
| 655 | 7 | |a thrillery (romány) |7 fd184206 |2 czenas | |
| 655 | 9 | |a Czech fiction |2 eczenas | |
| 655 | 9 | |a thrillers (novels) |2 eczenas | |
| 900 | |a ABA001 |b 19 | ||
| 928 | 9 | |a Albatros Media - XYZ | |
| 044 | |a xr | ||
| 910 | |a RBIT002 | ||
| 998 | |d 400220 |a https://core.palmknihy.cz/api/books/400220/cover?se2gub |b https://core.palmknihy.cz/api/books/400220/cover/400?se2gub |c https://core.palmknihy.cz/api/books/400220/cover/50?se2gub |e 2034-12-31 |g 248 |i 9788076834811 |j https://core.palmknihy.cz/api/books/400220/preview.epub |k https://core.palmknihy.cz/api/books/400220/preview.pdf |l |q 49 |r 1 |s https://www.palmknihy.cz/kniha/400220 |t ebook |y 2024 |z 0 | ||
| 999 | |d 312319 | ||